Ceny a cenová stratégia

Salvato in:
Dettagli Bibliografici
Autore principale: Janok, Michal
Altri autori: Holková, Vieroslava, Hótová, Renáta, Lipianska, Júlia, Kopkáš, Peter, Ančicová, Martina, Mrůzková, J.
Natura: Libro
Lingua:slovacco
Pubblicazione: Bratislava MIKA-Conzult 2007
Soggetti:
Tags: Aggiungi Tag
Nessun Tag, puoi essere il primo ad aggiungerne!!

MARC

LEADER 00000nam$a2200000$$$4500
001 0067501
005 20240502071819.3
020 |a 978-80-968504-3-3 
041 0 |a slo 
044 |a SK 
245 1 0 |a Ceny a cenová stratégia  |c Michal Janok a kolektív 
264 1 |a Bratislava  |b MIKA-Conzult  |c 2007 
300 |a 190 s. 
610 2 0 |a ceny 
610 2 0 |a stratégia podniková 
610 2 0 |a mechanizmus trhový 
610 2 0 |a politika cenová 
610 2 0 |a tvorba cien 
100 1 |a Janok, Michal 
700 1 |a Holková, Vieroslava 
700 1 |a Hótová, Renáta 
700 1 |a Lipianska, Júlia 
700 1 |a Kopkáš, Peter 
700 1 |a Ančicová, Martina 
700 1 |a Mrůzková, J.